|
|
|
|
| LEADER |
00000nam2a2200000 4500 |
| 001 |
294554 |
| 005 |
20231102000718.0 |
| 020 |
|
|
|a RU
|b 84-16569ж
|
| 035 |
|
|
|a (RuTPU)RU\TPU\book\319627
|
| 090 |
|
|
|a 294554
|
| 100 |
|
|
|a 20150514d1984 k y0rusy5003 ca
|
| 101 |
0 |
|
|a rus
|
| 102 |
|
|
|a UA
|
| 105 |
|
|
|a y z 001zy
|
| 200 |
0 |
|
|a Вып. 60 : Методика критики буржуазной идеологии в курсе диалектического материализма
|f отв. ред. А. Т. Нелеп
|
| 210 |
|
|
|a Киев
|c Вища школа
|c Изд-во при Киев. ун-те
|d 1984
|
| 215 |
|
|
|a 134 с.
|
| 320 |
|
|
|a Библиография в ссылках.
|
| 461 |
|
1 |
|0 (RuTPU)RU\TPU\book\165454
|t Вопросы общественных наук
|o республиканский межведомственный научный сборник
|f Институт повышения квалификации преподавателей общественных наук при Киевском государственном университете им. Т. Г. Шевченко
|v Вып. 60 : Методика критики буржуазной идеологии в курсе диалектического материализма
|d 1970-1992
|
| 606 |
1 |
|
|a Общественные науки
|x Методика преподавания
|2 stltpush
|3 (RuTPU)RU\TPU\subj\46682
|9 65799
|
| 606 |
1 |
|
|a Буржуазная идеология
|x Философия, современная
|x Критика
|2 stltpush
|3 (RuTPU)RU\TPU\subj\30425
|9 53535
|
| 610 |
1 |
|
|a методика
|
| 610 |
1 |
|
|a преподавание
|
| 610 |
1 |
|
|a буржуазная философия
|
| 610 |
1 |
|
|a диалектический материализм
|
| 610 |
1 |
|
|a классовый подход
|
| 610 |
1 |
|
|a марксистско-ленинская философия
|
| 686 |
|
|
|a С
|2 rubbk
|
| 686 |
|
|
|a Ю3(0)6-6-63в03
|2 rubbk
|
| 702 |
|
1 |
|a Нелеп
|b А. Т.
|g Анатолий Тарасович
|4 340
|
| 801 |
|
0 |
|a RU
|b RuMRKP
|c 19950704
|g psbo
|
| 801 |
|
1 |
|a RU
|b 63413507
|c 20150514
|
| 801 |
|
2 |
|a RU
|b 63413507
|c 20180426
|g RCR
|
| 942 |
|
|
|c BK
|